| Tag |
First Indicator |
Second Indicator |
Subfields |
| LEADER |
00000cam a2200000 4500 |
| 001 |
in00001007488 |
| 005 |
20150927222230.0 |
| 008 |
710217s1970 onc b 00110 eng |
| 010 |
|
|
|a 78020650
|
| 015 |
|
|
|a C***
|
| 020 |
|
|
|a 0887700659
|c $4.50 (pbk)
|
| 035 |
|
|
|a (OCoLC)00119636
|
| 035 |
|
|
|9 AFD9455AM
|
| 040 |
|
|
|a DLC
|c DLC
|d m.c.
|d TXA
|d UtOrBLW
|
| 043 |
|
|
|a n-cn---
|a n-us---
|a n------
|
| 049 |
|
|
|a TXAM
|
| 050 |
0 |
0 |
|a F1029.5.U6
|b W3
|
| 082 |
0 |
|
|a 355.03/35/71
|
| 100 |
1 |
|
|a Warnock, John W.,
|d 1933-
|
| 245 |
1 |
0 |
|a Partner to behemoth ;
|b the military policy of a satellite Canada /
|c [by] John W. Warnock.
|
| 264 |
|
1 |
|a Toronto,
|a Chicago :
|b New Press,
|c [1970]
|
| 264 |
|
4 |
|c ©1970
|
| 300 |
|
|
|a 340 pages ;
|c 21 cm.
|
| 336 |
|
|
|a text
|b txt
|2 rdacontent
|
| 337 |
|
|
|a unmediated
|b n
|2 rdamedia
|
| 338 |
|
|
|a volume
|b nc
|2 rdacarrier
|
| 504 |
|
|
|a Bibliography: pages 329-336 and index.
|
| 651 |
|
0 |
|a Canada
|x Military policy.
|
| 651 |
|
0 |
|a Canada
|x Foreign relations
|z United States.
|
| 651 |
|
0 |
|a United States
|x Foreign relations
|z Canada.
|
| 651 |
|
0 |
|a North America
|x Defenses.
|
| 999 |
|
|
|a MARS
|
| 999 |
f |
f |
|s f472b65a-e759-332d-8930-945c623f7cdd
|i a6cf9d97-46ca-345f-9586-1a8df4db510a
|t 0
|
| 952 |
f |
f |
|p ric
|a Texas A&M University
|b Rellis Campus
|c Joint Library Facility
|d Remote Storage
|t 0
|e F1029.5.U6 W3
|h Library of Congress classification
|i unmediated -- volume
|m A14814395040
|
| 998 |
f |
f |
|a F1029.5.U6 W3
|t 0
|l Remote Storage
|